000 00492nam a2200181Ia 4500
003 GCL
008 140319s9999 xx 000 0 ara d
040 _aGCL /
_cGCL
082 0 4 _a813.03
_bر ح
100 1 _aرضوى عاشور
245 1 0 _aحجر دافىء /
_cرضوى عاشور
260 _a[S.N] :
_bدار المستقبل العربى ،
_c1985
300 _a217
490 _a
650 0 4 _aالادب العربى
650 0 4 _aالقصص العربية
942 _2ddc
_cBK
999 _c54181
_d54181